[Event "All Canterbury Open, New Zealand"]
[Site "?"]
[Date "2003.??.??"]
[Round "6.2"]
[White "Bleis Christian"]
[Black "Nokes Roger I"]
[Result "1/2-1/2"]
[WhiteElo "2233"]
[BlackElo "2310"]
[PlyCount "57"]
[EventDate "2003.??.??"]
[Source "www.chesslib.no"]
[SourceDate "2004.05.04"]

1. d4 Nf6 2. c4 c5 3. d5 e6 4. Nc3 exd5 5. cxd5 d6 6. Nf3 g6 7. Nd2 Bg7 8. Nc4 O-O 9. Bg5 h6 10. Bf4 Na6 11. Qd2 b5 12. Nxb5 Ne4 13. Qc1 Nb4 14. f3 g5 15. fxe4 gxf4 16. a3 Qh4+ 17. Kd1 Bd7 18. axb4 Bxb5 19. Nxd6 Bd7 20. bxc5 Rab8 21. Ra2 Rb4 22. c6 Rd4+ 23. Kc2 Bxc6 24. Nf5 Bxd5 25. exd5 Rc8+ 26. Kb3 Rb8+ 27. Kc2 Rc8+ 28. Kb3 Rb8+ 29. Kc2 1/2-1/2

[Event "HUN"]
[Site "?"]
[Date "2006.02.26"]
[Round "8"]
[White "Kovacs Zsolt"]
[Black "Prokopisin Vasily"]
[Result "1/2-1/2"]
[WhiteElo "2320"]
[BlackElo "2223"]
[PlyCount "22"]
[EventDate "2006.??.??"]
[Source "www.chesslib.no"]
[SourceDate "2004.05.04"]

1. d4 Nf6 2. c4 c5 3. d5 e6 4. Nc3 exd5 5. cxd5 d6 6. Nf3 g6 7. Nd2 Bg7 8. Nc4 O-O 9. Bf4 Ne8 10. e3 b6 11. a4 Ba6 1/2-1/2

[Event "Tula RUS"]
[Site "?"]
[Date "2006.02.20"]
[Round "14"]
[White "Abramov Anatoli P"]
[Black "Sinitsin Evgeniy"]
[Result "0-1"]
[WhiteElo "2210"]
[BlackElo "2327"]
[PlyCount "42"]
[EventDate "2006.??.??"]
[Source "www.chesslib.no"]
[SourceDate "2004.05.04"]

1. d4 Nf6 2. c4 c5 3. d5 e6 4. Nc3 exd5 5. cxd5 d6 6. Nf3 g6 7. Nd2 Bg7 8. Nc4 O-O 9. Bf4 b6 10. Nxd6 Nh5 11. Nxc8 Nxf4 12. e3 Nh5 13. Nxb6 Qxb6 14. Qc2 Nd7 15. Be2 Nhf6 16. O-O Rab8 17. b3 Ne8 18. Rad1 Nd6 19. Na4 Qb4 20. Nb2 Bxb2 21. Qxb2 c4 0-1

[Event "XVIII Campionato Nato"]
[Site "Ankara"]
[Date "2007.09.??"]
[Round "7.1"]
[White "Vaznosis, Vytautas"]
[Black "Carrascoso, Abel"]
[Result "1-0"]
[WhiteElo "2315"]
[BlackElo "2214"]
[PlyCount "71"]
[EventDate "2007.??.??"]
[Source "www.chesslib.no"]
[SourceDate "2004.05.04"]

1. d4 Nf6 2. c4 c5 3. d5 e6 4. Nc3 exd5 5. cxd5 d6 6. Nf3 g6 7. Nd2 a6 8. a4 Nbd7 9. e4 Qe7 10. Be2 Bg7 11. O-O O-O 12. f4 Ne8 13. Bf3 Bxc3 14. bxc3 f5 15. Re1 Qg7 16. Qb3 b5 17. axb5 Rb8 18. Ra5 Rxb5 19. Rxb5 axb5 20. Qxb5 Qxc3 21. exf5 Qd4+ 22. Kh1 Qxf4 23. fxg6 hxg6 24. Qc6 Qh4 25. Rd1 Qd8 26. Bg4 Qc7 27. Be6+ Kh7 28. Qa4 Ndf6 29. Nf3 Rh8 30. Ng5+ Kg7 31. Bb2 Kf8 32. Bxc8 Qxc8 33. Qa7 Nc7 34. Bxf6 Qg4 35. Rf1 Qe2 36. Rb1 1-0

[Event "GEO-ch (Women)"]
[Site "?"]
[Date "2001.04.07"]
[Round "4.2"]
[White "Javakhishvili Lela"]
[Black "Tereladze Sopiko"]
[Result "1-0"]
[WhiteElo "2295"]
[BlackElo "2232"]
[PlyCount "57"]
[EventDate "2001.??.??"]
[Source "www.chesslib.no"]
[SourceDate "2004.05.04"]

1. d4 Nf6 2. c4 c5 3. d5 e6 4. Nc3 exd5 5. cxd5 d6 6. Nf3 g6 7. Nd2 Bg7 8. Nc4 O-O 9. Bg5 b6 10. e3 Ba6 11. a4 Bxc4 12. Bxc4 Nbd7 13. O-O Ne5 14. Be2 h6 15. Bh4 a6 16. f4 Ned7 17. Qc2 Re8 18. e4 Qc7 19. b3 Ra7 20. Rae1 Nh7 21. Bd3 g5 22. e5 gxh4 23. Bxh7+ Kf8 24. e6 Nf6 25. Bf5 b5 26. exf7 Rxe1 27. Rxe1 b4 28. Bg6 Ra8 29. Qf5 1-0

[Event "Kecskemet"]
[Site "Kecskemet"]
[Date "1979.??.??"]
[Round "9"]
[White "Lovass, Imre"]
[Black "Perenyi, Bela"]
[Result "1/2-1/2"]
[WhiteElo "2200"]
[BlackElo "2310"]
[PlyCount "80"]
[EventDate "1979.??.??"]
[Source "www.chesslib.no"]
[SourceDate "2004.05.04"]

1. d4 Nf6 2. c4 c5 3. d5 e6 4. Nc3 exd5 5. cxd5 d6 6. Nf3 g6 7. Nd2 Bg7 8. Nc4 O-O 9. Bf4 Na6 10. Bxd6 Re8 11. Bg3 Ne4 12. Nxe4 Rxe4 13. e3 b5 14. Nd2 Rb4 15. b3 Qxd5 16. Be2 Bg4 17. Bxg4 Rxg4 18. Qxg4 Bxa1 19. O-O Bg7 20. Nf3 Rd8 21. e4 f5 22. Qh4 fxe4 23. Ng5 h6 24. Nxe4 g5 25. Qg4 h5 26. Qxg5 Qxg5 27. Nxg5 Rd2 28. a4 bxa4 29. bxa4 c4 30. Bf4 Ra2 31. h4 Rxa4 32. Rd1 Ra1 33. Rxa1 Bxa1 34. Be3 c3 35. Nf3 Nb4 36. Bxa7 c2 37. Be3 Nd3 38. Kf1 Bf6 39. g3 Kf7 40. Ne1 c1=Q 1/2-1/2

[Event "Val Thorens A"]
[Site "?"]
[Date "1996.??.??"]
[Round "5"]
[White "Minzer Claudio Javier"]
[Black "Kaminski Jacek2"]
[Result "1-0"]
[WhiteElo "2425"]
[BlackElo "2080"]
[PlyCount "57"]
[EventDate "1996.??.??"]
[Source "www.chesslib.no"]
[SourceDate "2004.05.04"]

1. d4 Nf6 2. c4 c5 3. d5 e6 4. Nc3 exd5 5. cxd5 d6 6. Nf3 g6 7. Nd2 Bg7 8. Nc4 O-O 9. Bf4 Ne8 10. Qd2 a6 11. a4 f5 12. h4 Bf6 13. a5 Rf7 14. Na4 Be7 15. Nab6 Ra7 16. h5 Nd7 17. hxg6 hxg6 18. Ra3 Nf8 19. Rah3 Bf6 20. Bxd6 Nxd6 21. Nxd6 Qxd6 22. Nxc8 Qb8 23. Nxa7 Qxa7 24. e3 b5 25. axb6 Qxb6 26. Bc4 Qd6 27. O-O Nh7 28. Ra1 Ng5 29. Rxa6 1-0

[Event "Corr"]
[Site "?"]
[Date "2001.11.20"]
[Round "?"]
[White "Loderbauer Gerhard (GER)"]
[Black "Carroll Patrick (ENG)"]
[Result "1/2-1/2"]
[WhiteElo "2245"]
[BlackElo "2252"]
[PlyCount "136"]
[EventDate "2001.??.??"]
[Source "www.chesslib.no"]
[SourceDate "2004.05.04"]

1. d4 Nf6 2. c4 c5 3. d5 e6 4. Nc3 exd5 5. cxd5 d6 6. Nf3 g6 7. Nd2 Bg7 8. Nc4 O-O 9. Bg5 h6 10. Bh4 b6 11. a4 Ba6 12. e3 Bxc4 13. Bxc4 Nbd7 14. O-O Re8 15. Bb5 a6 16. Bc6 Ra7 17. Qc2 Qc7 18. Rad1 Ng4 19. Bg3 Nge5 20. Ne4 f5 21. Bxe5 Rxe5 22. Nd2 Nb8 23. Qb3 Nxc6 24. dxc6+ d5 25. Nf3 c4 26. Qc2 Re7 27. Rxd5 Qxc6 28. Rfd1 b5 29. Rd6 Qe4 30. Qd2 Kh7 31. a5 Re6 32. Rxe6 Qxe6 33. h3 Re7 34. Nd4 Qd5 35. b3 cxb3 36. Qb4 Rd7 37. Rc1 f4 38. Qxb3 fxe3 39. Qxd5 exf2+ 40. Kxf2 Rxd5 41. Ne6 Rf5+ 42. Kg1 Rf6 43. Nxg7 Kxg7 44. Rc7+ Kf8 45. Kh2 Ke8 46. Kg3 Re6 47. Rh7 h5 48. Kf4 Re7 49. Rh8+ Kd7 50. Ra8 Re6 51. g4 hxg4 52. hxg4 Kc7 53. Ra7+ Kc8 54. Rh7 b4 55. Rh2 Rc6 56. Kg5 Kc7 57. Kh6 Kd6 58. Kxg6 Ke5+ 59. Kh5 Kd4 60. g5 Rc8 61. Rd2+ Kc3 62. Rd6 b3 63. Rxa6 Rh8+ 64. Kg6 Rb8 65. Rf6 b2 66. Rf1 Ra8 67. Rb1 Rxa5 68. Kf6 Ra1 1/2-1/2

[Event "Ruhrgebiet"]
[Site "?"]
[Date "1999.04.11"]
[Round "8"]
[White "Wuenderlich Robin"]
[Black "Weidemann Christian"]
[Result "1-0"]
[WhiteElo "2232"]
[BlackElo "2245"]
[PlyCount "105"]
[EventDate "1999.??.??"]
[Source "www.chesslib.no"]
[SourceDate "2004.05.04"]

1. d4 Nf6 2. c4 c5 3. d5 e6 4. Nc3 exd5 5. cxd5 d6 6. Nf3 g6 7. Nd2 Bg7 8. Nc4 O-O 9. Bf4 Na6 10. e3 Ne8 11. Be2 Nac7 12. a4 b6 13. O-O Ba6 14. Qd2 b5 15. axb5 Bxb5 16. Nxb5 Nxb5 17. Ra5 Nec7 18. h3 Qd7 19. Rc1 Rab8 20. Bf3 a6 21. b4 cxb4 22. Qxb4 Rfd8 23. Qd2 Qe7 24. Ra2 Na7 25. Na5 Rb5 26. Nc6 Nxc6 27. Rxc6 Rb1+ 28. Kh2 Be5 29. g3 Bxf4 30. gxf4 Rdb8 31. Qc3 R8b7 32. Rc2 Ne8 33. Rxa6 Nf6 34. Ra8+ Kg7 35. Kg2 Kh6 36. Qc8 R1b5 37. Qf8+ Qxf8 38. Rxf8 Nxd5 39. Rd2 Kg7 40. Rd8 Nxf4+ 41. exf4 R7b6 42. R8xd6 Rxd6 43. Rxd6 Rf5 44. Kg3 Kf8 45. Be4 Rc5 46. Rc6 Ra5 47. Rc7 Ra3+ 48. f3 Ra5 49. Bd3 Kg7 50. Kg4 h5+ 51. Kg3 Kf8 52. f5 gxf5 53. Kf4 1-0

[Event "National Chess Congress, Philadelphia U"]
[Site "?"]
[Date "2000.??.??"]
[Round "?"]
[White "Shapiro, D."]
[Black "Fink, S."]
[Result "1/2-1/2"]
[WhiteElo "2290"]
[BlackElo "2185"]
[PlyCount "34"]
[EventDate "2000.??.??"]
[Source "www.chesslib.no"]
[SourceDate "2004.05.04"]

1. d4 Nf6 2. c4 c5 3. d5 e6 4. Nc3 exd5 5. cxd5 d6 6. Nf3 g6 7. Nd2 Nbd7 8. Nc4 Nb6 9. Ne3 Bg7 10. g3 O-O 11. Bg2 Re8 12. O-O a6 13. a4 Ng4 14. Qb3 Rb8 15. Re1 Nxe3 16. Bxe3 Nd7 17. Qc2 Ne5 1/2-1/2

[Event "Berlin Chemie Open"]
[Site "Berlin GER"]
[Date "1995.??.??"]
[Round "3"]
[White "Richter, Michael"]
[Black "Brustkern, Juergen"]
[Result "1/2-1/2"]
[WhiteElo "2255"]
[BlackElo "2215"]
[PlyCount "78"]
[EventDate "1995.??.??"]
[Source "www.chesslib.no"]
[SourceDate "2004.05.04"]

1. d4 Nf6 2. c4 c5 3. d5 e6 4. Nc3 exd5 5. cxd5 d6 6. Nf3 g6 7. Nd2 Bg7 8. e4 O-O 9. Bd3 Re8 10. O-O a6 11. a4 Nbd7 12. f4 Rb8 13. Kh1 h5 14. Nc4 Qc7 15. Ne3 Nf8 16. a5 Bd7 17. Qc2 h4 18. Nc4 h3 19. g3 Bb5 20. Bd2 N8d7 21. Nxb5 axb5 22. Na3 c4 23. Nxb5 Qc5 24. Qxc4 Nxe4 25. Qxc5 Ndxc5 26. Bxe4 Nxe4 27. Bb4 Rbc8 28. Bc3 Rc5 29. Bxg7 Kxg7 30. Nc3 Nxc3 31. bxc3 Rxd5 32. Ra2 Rc8 33. Kg1 Rxc3 34. Rb1 Rcc5 35. Rxb7 Rxa5 36. Rxa5 Rxa5 37. Rb2 Ra1+ 38. Kf2 Rh1 39. Kf3 f5 1/2-1/2

[Event "BL2-N9697"]
[Site "Germany"]
[Date "1996.??.??"]
[Round "?"]
[White "Fuhrmann, Dirk"]
[Black "Lindeman, Sven"]
[Result "1/2-1/2"]
[WhiteElo "2185"]
[BlackElo "2245"]
[PlyCount "136"]
[EventDate "1996.??.??"]
[Source "www.chesslib.no"]
[SourceDate "2004.05.04"]

1. d4 Nf6 2. c4 c5 3. d5 e6 4. Nc3 exd5 5. cxd5 d6 6. Nf3 g6 7. Nd2 Bg7 8. Nc4 O-O 9. Bf4 Nbd7 10. Bxd6 Re8 11. Bg3 Ne4 12. Nxe4 Rxe4 13. e3 Nb6 14. Nd6 Rb4 15. Be2 Bxb2 16. O-O Qf6 17. Rb1 Be5 18. Rxb4 cxb4 19. Ne4 Qf5 20. Bf3 Bxg3 21. hxg3 Qe5 22. Qb3 a5 23. a3 Bf5 24. Nc5 Qc3 25. Qxc3 bxc3 26. e4 Rc8 27. Nxb7 Bd7 28. Be2 Nc4 29. Bxc4 Rxc4 30. Nd6 Ra4 31. Ra1 Kf8 32. f4 Ke7 33. e5 Rd4 34. Rc1 Rxd5 35. Rxc3 f6 36. Re3 fxe5 37. Nc4 Be6 38. Nxe5 Kd6 39. Nc4+ Kc5 40. Nxa5 Rd1+ 41. Kf2 Bd5 42. Nb3+ Kb5 43. Ke2 Rg1 44. Nd2 Rxg2+ 45. Kd3 Kc6 46. Ne4 h5 47. Kd4 Bxe4 48. Kxe4 Kd6 49. f5 Rf2 50. fxg6 Rf6 51. Rd3+ Kc6 52. Rc3+ Kd6 53. Rb3 Kc6 54. a4 Rxg6 55. Kf3 Rg4 56. Rb5 Rxa4 57. Rxh5 Kd6 58. Rf5 Ke6 59. g4 Rb4 60. Kg3 Ra4 61. Kh4 Ra8 62. Rf4 Ke5 63. Rf3 Rh8+ 64. Kg3 Ra8 65. g5 Ra4 66. Kh3 Rb4 67. g6 Rb6 68. Rg3 Rb8 1/2-1/2

[Event "Paris FRA ch Op-Fide"]
[Site "Paris"]
[Date "1994.??.??"]
[Round "1"]
[White "El Homsy, I."]
[Black "Jaulin, M."]
[Result "1-0"]
[WhiteElo "2170"]
[BlackElo "2240"]
[PlyCount "59"]
[EventDate "1994.??.??"]
[Source "www.chesslib.no"]
[SourceDate "2004.05.04"]

1. d4 Nf6 2. c4 c5 3. d5 e6 4. Nc3 exd5 5. cxd5 d6 6. Nf3 g6 7. Nd2 Bg7 8. Nc4 O-O 9. Bf4 Ne8 10. Qd2 a6 11. a4 f5 12. g3 Qc7 13. h4 Nd7 14. h5 Ndf6 15. hxg6 hxg6 16. Bg2 Rb8 17. a5 Bd7 18. Bf3 Bb5 19. Nb6 Nd7 20. Bh6 Ne5 21. Bxg7 Nxf3+ 22. exf3 Qe7+ 23. Qe3 Qxg7 24. Qe6+ Rf7 25. O-O-O Qf6 26. Nxb5 axb5 27. Nd7 Qxe6 28. dxe6 Rxd7 29. exd7 Nf6 30. Rxd6 1-0

[Event "olm fin-C"]
[Site "Skopje MKD"]
[Date "1972.??.??"]
[Round "8"]
[White "Savadkouhi, Massoud Amir"]
[Black "Jamieson, Peter M"]
[Result "1/2-1/2"]
[WhiteElo "2200"]
[BlackElo "2200"]
[PlyCount "170"]
[EventDate "1972.??.??"]
[Source "www.chesslib.no"]
[SourceDate "2004.05.04"]

1. d4 Nf6 2. c4 c5 3. d5 e6 4. Nc3 exd5 5. cxd5 d6 6. Nf3 g6 7. Nd2 Bg7 8. Nc4 O-O 9. Bf4 Ne8 10. Qd2 a6 11. a4 f5 12. g3 Qc7 13. Bg2 Nd7 14. O-O Rb8 15. a5 b5 16. axb6 Nxb6 17. Na5 Kh8 18. e4 Bd7 19. Rfe1 fxe4 20. Nxe4 Nc8 21. Nc3 Qb6 22. Ra2 Bd4 23. Nc6 Bxc6 24. dxc6 Qb4 25. Ra4 Bxc3 26. Rxb4 Bxd2 27. Rxb8 Bxe1 28. Rxc8 Kg7 29. Bf1 Ba5 30. Bxa6 Bc7 31. Bc4 Kf6 32. Bh6 Rh8 33. h4 Ba5 34. g4 Bb6 35. Bf4 Bc7 36. Bd2 Rf8 37. Bh6 Rh8 38. Bd2 Rf8 39. Bc3+ Ke7 40. Kg2 Rf4 41. Be2 d5 42. Bd2 Rf8 43. Bh6 Rg8 44. Bg5+ Kd6 45. Bb5 Ke6 46. Be3 c4 47. f4 h5 48. g5 Rf8 49. Bc5 Rg8 50. Kf3 Kf5 51. Be3 Ke6 52. Ra8 Nf6 53. Ra7 Ne8 54. Ba6 Kd6 55. Bb7 Ng7 56. Bd2 Nf5 57. Bb4+ Ke6 58. Ba5 Nd4+ 59. Ke3 Nb5 60. Bxc7 Nxc7 61. Ra1 Re8 62. Kf3 Kd6 63. f5 gxf5 64. Kf4 Re5 65. Bc8 d4 66. g6 Nd5+ 67. Kg5 f4+ 68. Kh6 Kxc6 69. g7 Re8 70. Ra6+ Kc5 71. Be6 Ne3 72. g8=Q Rxg8 73. Bxg8 d3 74. Bf7 f3 75. Bxh5 f2 76. Rf6 f1=Q 77. Rxf1 Nxf1 78. Kg5 Kd4 79. Bd1 Ne3 80. Bf3 Ke5 81. h5 Nf5 82. Bd1 d2 83. h6 Nxh6 84. Kxh6 Ke4 85. Kg5 c3 1/2-1/2

[Event "Heves Fregatt op 1st"]
[Site "?"]
[Date "2001.04.14"]
[Round "2"]
[White "Kovacs Tamas"]
[Black "Paal Attila"]
[Result "1-0"]
[WhiteElo "2213"]
[BlackElo "2175"]
[PlyCount "113"]
[EventDate "2001.??.??"]
[Source "www.chesslib.no"]
[SourceDate "2004.05.04"]

1. d4 Nf6 2. c4 c5 3. d5 e6 4. Nc3 exd5 5. cxd5 d6 6. Nf3 g6 7. Nd2 Bg7 8. e4 O-O 9. Bd3 b6 10. O-O Ba6 11. Qe2 Bxd3 12. Qxd3 Ng4 13. Nc4 Nd7 14. Qg3 Nde5 15. Nxe5 Nxe5 16. f4 Nc4 17. b3 Ne3 18. Bxe3 Bxc3 19. Rad1 Qe7 20. Bf2 Bg7 21. Rfe1 Rfe8 22. Qg4 Bc3 23. Bh4 f6 24. Re2 Bd4+ 25. Kh1 Qf7 26. Qf3 a5 27. a4 Kg7 28. Rde1 Qd7 29. Qd3 b5 30. Ra2 Reb8 31. Rc1 bxa4 32. Rxa4 Rb4 33. Rc4 Qb5 34. Raxb4 axb4 35. h3 Ra1+ 36. Kh2 Bg1+ 37. Kg3 Re1 38. Bxf6+ Kxf6 39. e5+ Ke7 40. Kg4 h5+ 41. Kg5 Re3 42. exd6+ Kd8 43. Qf1 Bh2 44. Qa1 Qd7 45. Qf6+ Kc8 46. Rxc5+ Kb8 47. Rc4 Qf5+ 48. Qxf5 gxf5 49. d7 Rg3+ 50. Kxf5 Rg8 51. d6 Kb7 52. Re4 Rd8 53. Ke6 Bg3 54. Rxb4+ Kc6 55. Re4 Kb7 56. f5 Rf8 57. Ke7 1-0

[Event "Deizisau III Neckar op-A"]
[Site "Deizisau"]
[Date "1999.04.02"]
[Round "3"]
[White "Duppel, Matthias"]
[Black "Marian, Hartmut"]
[Result "1-0"]
[WhiteElo "2314"]
[BlackElo "2059"]
[PlyCount "35"]
[EventDate "1999.04.01"]
[Source "www.chesslib.no"]
[SourceDate "2004.05.04"]

1. d4 Nf6 2. c4 c5 3. d5 e6 4. Nc3 exd5 5. cxd5 d6 6. Nf3 g6 7. Nd2 Bg7 8. Nc4 O-O 9. g3 Na6 10. Bg2 Nc7 11. O-O b6 12. Nxd6 Ba6 13. Nde4 Nfxd5 14. Nxd5 Nxd5 15. Bg5 f6 16. Qxd5+ Qxd5 17. Nxf6+ Bxf6 18. Bxd5+ 1-0

[Event "Bayernliga 2000/01"]
[Site "?"]
[Date "2001.??.??"]
[Round "?"]
[White "Schaeffner Claus"]
[Black "Kreuzer Gerhard"]
[Result "1-0"]
[WhiteElo "2190"]
[BlackElo "2170"]
[PlyCount "75"]
[EventDate "2001.??.??"]
[Source "www.chesslib.no"]
[SourceDate "2004.05.04"]

1. d4 Nf6 2. c4 c5 3. d5 e6 4. Nc3 exd5 5. cxd5 d6 6. Nf3 g6 7. Nd2 Bg7 8. Nc4 O-O 9. Bf4 Ne8 10. g3 b6 11. Bg2 Ba6 12. Qb3 Bxc4 13. Qxc4 a6 14. a4 Nd7 15. O-O Ne5 16. Bxe5 Bxe5 17. Rae1 Nc7 18. f4 Bg7 19. e4 b5 20. axb5 axb5 21. Nxb5 Nxb5 22. Qxb5 Rb8 23. Qd3 Re8 24. Qf3 Bd4+ 25. Kh1 Rxb2 26. e5 f5 27. exd6 Rxe1 28. Rxe1 Qxd6 29. Qa3 Bf6 30. Qa7 Rb8 31. h4 c4 32. Re6 Qd8 33. Rc6 Bxh4 34. Rc7 Qf8 35. gxh4 Rb1+ 36. Kh2 c3 37. Rxc3 Qd8 38. Kh3 1-0

[Event "Open"]
[Site "Liberec CZE"]
[Date "2007.11.13"]
[Round "4"]
[White "Natsidis, C."]
[Black "Turner, R."]
[Result "1-0"]
[WhiteElo "2256"]
[BlackElo "2094"]
[PlyCount "51"]
[EventDate "2007.11.10"]
[Source "www.chesslib.no"]
[SourceDate "2004.05.04"]

1. d4 Nf6 2. c4 c5 3. d5 e6 4. Nc3 exd5 5. cxd5 d6 6. Nf3 g6 7. Nd2 Bg7 8. Nc4 a6 9. a4 O-O 10. Bf4 Ne8 11. Qd2 b6 12. g3 Bb7 13. Bg2 f5 14. O-O Rf7 15. e4 Bxc3 16. bxc3 fxe4 17. Bh3 Rxf4 18. Qxf4 Bxd5 19. Ne3 g5 20. Qf5 Bf7 21. Qxe4 Nd7 22. Bxd7 Nf6 23. Qc6 Nxd7 24. Qxd6 Nf6 25. Qe5 Nd5 26. Ng4 1-0

[Event "WYCC 2008 U16 boys"]
[Site "Vung Tau City VIE"]
[Date "2008.10.20"]
[Round "1.16"]
[White "Pascua, Haridas"]
[Black "Jain, Akash"]
[Result "1-0"]
[WhiteElo "2307"]
[BlackElo "2010"]
[PlyCount "67"]
[EventDate "2008.10.20"]
[Source "www.chesslib.no"]
[SourceDate "2004.05.04"]

1. d4 Nf6 2. c4 c5 3. d5 e6 4. Nc3 exd5 5. cxd5 d6 6. Nf3 g6 7. Nd2 Bg7 8. Nc4 O-O 9. g3 Na6 10. Bg2 Nc7 11. a4 b6 12. O-O Ba6 13. Na3 Qe7 14. Re1 h6 15. e4 Rad8 16. Nab5 Qd7 17. Bf1 Bxb5 18. axb5 a6 19. bxa6 b5 20. Ra5 Rb8 21. e5 dxe5 22. d6 b4 23. Na4 Ncd5 24. Nxc5 Qxd6 25. Nb7 Qe6 26. Qb3 Nc7 27. Qxe6 Nxe6 28. Raxe5 Ng4 29. R5e4 h5 30. h3 Nf6 31. Rxb4 Nd5 32. Ra4 Nb6 33. Ra5 Nc4 34. Bxc4 1-0

[Event "Bad Bevensen (05.07.-13.07)"]
[Site "?"]
[Date "1997.??.??"]
[Round "?"]
[White "Krueger Erich[32Katernb'"]
[Black "Thieme Hans"]
[Result "1/2-1/2"]
[WhiteElo "2230"]
[BlackElo "2076"]
[PlyCount "74"]
[EventDate "1997.??.??"]
[Source "www.chesslib.no"]
[SourceDate "2004.05.04"]

1. d4 Nf6 2. c4 c5 3. d5 e6 4. Nc3 exd5 5. cxd5 d6 6. Nf3 g6 7. Nd2 Bg7 8. e4 O-O 9. Be2 a6 10. a4 Qc7 11. Nc4 Nbd7 12. f4 Rb8 13. O-O Re8 14. e5 dxe5 15. fxe5 Nxe5 16. Bf4 Nfd7 17. Ne4 b6 18. Ng5 Qa7 19. Bxe5 Nxe5 20. Nxe5 Bxe5 21. Rxf7 Rb7 22. Rxb7 Qxb7 23. d6 Bd4+ 24. Kh1 Qd5 25. h4 h6 26. Bf3 Qf5 27. Qb3+ Kg7 28. Bg4 Qf2 29. d7 Re1+ 30. Rxe1 Qxe1+ 31. Kh2 Be5+ 32. g3 Qf2+ 33. Kh3 Bxd7 34. Bxd7 hxg5 35. hxg5 Qf1+ 36. Kg4 Qe2+ 37. Kh3 Qh5+ 1/2-1/2

[Event "Petrovskaya Ladya Open"]
[Site "Peterhof RUS"]
[Date "2007.01.04"]
[Round "2"]
[White "Semenenko, S."]
[Black "Kobzar, A."]
[Result "0-1"]
[WhiteElo "2196"]
[BlackElo "2094"]
[PlyCount "88"]
[EventDate "2007.01.03"]
[Source "www.chesslib.no"]
[SourceDate "2004.05.04"]

1. d4 Nf6 2. c4 c5 3. d5 e6 4. Nc3 exd5 5. cxd5 d6 6. Nf3 g6 7. Nd2 Bg7 8. Nc4 O-O 9. Bg5 a6 10. a4 Qc7 11. Qd2 Nbd7 12. f3 Rb8 13. e4 b5 14. axb5 axb5 15. Na5 c4 16. Nc6 Rb6 17. b4 cxb3 18. Ra7 Rxc6 19. Rxc7 Rxc7 20. Nxb5 Rc2 21. Qd1 Ba6 22. Nd4 Bxf1 23. Kxf1 Ra2 24. Nxb3 Rb8 25. g4 Nc5 26. Nxc5 dxc5 27. Rg1 Rbb2 28. Be3 Nd7 29. f4 Rxh2 30. e5 Nxe5 31. fxe5 Bxe5 32. Bxc5 Rhd2 33. Ke1 Rxd1+ 34. Kxd1 Ra5 35. Re1 Rxc5 36. Rxe5 f6 37. Re8+ Kf7 38. Rd8 Ke7 39. Rh8 Rxd5+ 40. Ke2 h5 41. Rh7+ Ke6 42. Rg7 hxg4 43. Rxg6 Kf5 44. Rg8 Kf4 0-1

[Event "Bad Wiessee (28.10.-04.11)"]
[Site "?"]
[Date "2000.11.03"]
[Round "7"]
[White "Seifert Volker"]
[Black "Salvermoser Bernd"]
[Result "0-1"]
[WhiteElo "2129"]
[BlackElo "2156"]
[PlyCount "96"]
[EventDate "2000.??.??"]
[Source "www.chesslib.no"]
[SourceDate "2004.05.04"]

1. d4 Nf6 2. c4 c5 3. d5 e6 4. Nc3 exd5 5. cxd5 d6 6. Nf3 g6 7. Nd2 Nbd7 8. Nc4 Nb6 9. Ne3 Bg7 10. g3 Bd7 11. Bg2 Rb8 12. a4 a6 13. O-O Nc8 14. a5 Bb5 15. Qb3 Qd7 16. Nc4 O-O 17. Bf4 Nh5 18. Bd2 f5 19. Rfe1 h6 20. f4 Nf6 21. Rab1 Re8 22. e4 fxe4 23. Nxe4 Nxe4 24. Bxe4 Ne7 25. Bc3 Nf5 26. Bxf5 gxf5 27. Bxg7 Qxg7 28. Qd3 Rxe1+ 29. Rxe1 Bxc4 30. Qxc4 Qxb2 31. Re6 b5 32. Qd3 Qd4+ 33. Qxd4 cxd4 34. Rxd6 d3 35. Kf2 Re8 36. Re6 Rxe6 37. dxe6 Kf8 38. Ke3 Ke7 39. Kxd3 Kxe6 40. Kd4 Kd6 41. Kc3 Kc5 42. Kb3 Kd4 43. Kb4 Ke4 44. Kc5 Kf3 45. Kd4 h5 46. Kd5 Kg2 47. Ke5 b4 48. Kd4 Kxh2 0-1

[Event "FRA Team Ch"]
[Site "France"]
[Date "1989.??.??"]
[Round "?"]
[White "Vareille, Francois"]
[Black "Mariette, Christian"]
[Result "1-0"]
[WhiteElo "2285"]
[BlackElo "1990"]
[PlyCount "55"]
[EventDate "1989.??.??"]
[Source "www.chesslib.no"]
[SourceDate "2004.05.04"]

1. d4 Nf6 2. c4 c5 3. d5 e6 4. Nc3 exd5 5. cxd5 d6 6. Nf3 g6 7. Nd2 a6 8. a4 Qa5 9. Nc4 Qb4 10. e3 Ne4 11. Bd2 Nxd2 12. Qxd2 Nd7 13. Ne4 Qxd2+ 14. Kxd2 f5 15. Nexd6+ Ke7 16. a5 Bg7 17. g3 Be5 18. Nxc8+ Raxc8 19. Bg2 Rhd8 20. Kc2 Bc7 21. d6+ Bxd6 22. Nxd6 Kxd6 23. Bxb7 Rc7 24. Rhd1+ Ke7 25. Bxa6 Ra8 26. Be2 Ne5 27. Kc3 Rca7 28. Rd5 1-0

[Event "Bayernliga 2003/04_R5"]
[Site "?"]
[Date "2004.01.18"]
[Round "5.1"]
[White "Kraeussling Andreas"]
[Black "Schindler Viktor"]
[Result "1/2-1/2"]
[WhiteElo "2171"]
[BlackElo "2086"]
[PlyCount "80"]
[EventDate "2004.??.??"]
[Source "www.chesslib.no"]
[SourceDate "2004.05.04"]

1. d4 Nf6 2. c4 c5 3. d5 e6 4. Nc3 exd5 5. cxd5 d6 6. Nf3 g6 7. Nd2 Bg7 8. Nc4 O-O 9. Bf4 Ne8 10. Qd2 a6 11. a4 b6 12. Ne4 Ra7 13. Nexd6 Bb7 14. Nxb7 Rxb7 15. e3 Rd7 16. Rd1 Nc6 17. Be2 g5 18. Bg3 f5 19. Qc1 Nb4 20. Ne5 Re7 21. Nc6 Nxc6 22. dxc6 Qc8 23. O-O Qxc6 24. Bxa6 Qxa4 25. Qc4+ Qxc4 26. Bxc4+ Kh8 27. Rd8 f4 28. exf4 gxf4 29. Bh4 Re4 30. b3 Bd4 31. h3 Re5 32. Rb8 b5 33. Bxb5 Kg7 34. Kh2 Nd6 35. Rxf8 Kxf8 36. Bd3 h6 37. g4 Nf7 38. Kg2 Ng5 39. f3 Re3 40. Bc4 Rc3 1/2-1/2

[Event "HUN-chT2 9900"]
[Site "?"]
[Date "1999.11.21"]
[Round "5"]
[White "Kulcsar Tamas"]
[Black "Timko Melinda"]
[Result "1-0"]
[WhiteElo "2210"]
[BlackElo "2034"]
[PlyCount "97"]
[EventDate "1999.??.??"]
[Source "www.chesslib.no"]
[SourceDate "2004.05.04"]

1. d4 Nf6 2. c4 c5 3. d5 e6 4. Nc3 exd5 5. cxd5 d6 6. Nf3 g6 7. Nd2 a6 8. a4 Nbd7 9. e4 Bg7 10. Be2 O-O 11. f4 Rb8 12. O-O Re8 13. Qc2 Nb6 14. a5 Na8 15. Nc4 Nc7 16. e5 dxe5 17. d6 Ne6 18. fxe5 Nd4 19. Qd3 Ng4 20. Bxg4 Bxg4 21. Bf4 Be6 22. Rae1 Qh4 23. Ne4 Bf5 24. d7 Bxd7 25. Nxc5 Ne6 26. Nxd7 Nxf4 27. Qe4 Nxg2 28. Qxh4 Nxh4 29. Nxb8 Rxb8 30. Nd6 Rf8 31. Nxb7 f5 32. e6 Bd4+ 33. Kh1 Re8 34. e7 Bf6 35. Nd6 Rxe7 36. Rxe7 Bxe7 37. Nc4 Kf7 38. Rd1 Ke6 39. Re1+ Kd7 40. Rd1+ Kc6 41. Ne5+ Kb5 42. Rd5+ Ka4 43. Nc6 Bf6 44. Nb8 Bxb2 45. Nxa6 Bc3 46. Nb8 Be1 47. a6 Bf2 48. Nc6 f4 49. Nd4 1-0

[Event "19.Schlosspark op Wiesbaden"]
[Site "?"]
[Date "2000.08.27"]
[Round "3"]
[White "Koehler Ronald"]
[Black "Schneider Joerg"]
[Result "1/2-1/2"]
[WhiteElo "2255"]
[BlackElo "1986"]
[PlyCount "84"]
[EventDate "2000.??.??"]
[Source "www.chesslib.no"]
[SourceDate "2004.05.04"]

1. d4 Nf6 2. c4 c5 3. d5 e6 4. Nc3 exd5 5. cxd5 d6 6. Nf3 g6 7. Nd2 a6 8. a4 Nbd7 9. e4 Bg7 10. Be2 O-O 11. f4 Rb8 12. O-O Qc7 13. Kh1 h5 14. h3 Re8 15. Re1 Qd8 16. Rf1 Qe7 17. Ra2 Nf8 18. Bc4 Bd7 19. Qe2 h4 20. Re1 Nh5 21. Nf1 Ng3+ 22. Nxg3 hxg3 23. Qf1 Qh4 24. a5 Bd4 25. Be3 Bxc3 26. bxc3 Rxe4 27. Bd3 Re7 28. Rae2 Bg4 29. Rb2 Rbe8 30. Bd2 Rxe1 31. Bxe1 Rxe1 32. Qxe1 Bxh3 33. Kg1 Bg4 34. Qe3 Qh2+ 35. Kf1 Qh1+ 36. Qg1 Qh6 37. Qe3 Qh1+ 38. Qg1 Qh8 39. Rb3 Qh6 40. Qe3 Qh1+ 41. Qg1 Qh5 42. Qe3 Qh1+ 1/2-1/2